| 000 | 00963cam1a220018100 4500 | ||
|---|---|---|---|
| 001 | zam00009459 | ||
| 008 | 970717n xx eng u | ||
| 035 | _a(Sirsi) r139459 | ||
| 040 | _dUPRA | ||
| 100 |
_aPlmer, Ingrid. _6A104848.1 |
||
| 245 | 1 | 4 | _aThe new rice in Aisa: conclusions from four country studies. |
| 260 |
_aGeneva : _bUNRISD, _c1976. |
||
| 520 | _aExamines Indonesia, the Philippines, Malaysia and Thailand in relationto rice production and specifically deals with management of prices and marketing, adoption patterns, issues of farm size and agrarian reform and questions of employment and family income. | ||
| 650 | 4 |
_aRice. _6S11927.1 |
|
| 650 | 4 |
_aFood production -- Philippines -- Malaysia -- Thailand. _xFood production -- Philippines -- Malaysia -- Thailand. _xFood production -- Philippines -- Malaysia -- Thailand. _xFood production -- Philippines -- Malaysia -- Thailand. _6S75785.1 |
|
| 949 | 1 | 0 |
_mINESOR _tBOOK _lON-SHELF |
| 004 | 139459 | ||
| 999 |
_c28049 _d28049 |
||